00469nam a2200145Ia 4500008004100000100001900041245011100060260001100171300002100182440004200203521000800245650003100253650002800284650001100312140626s9999 xx 000 0 und d aLin, Jia-Ling. aPsychological distress in women who have experienced intrauterine inseminationcJia-Ling Lin ... [et al.]. cc2013. a21 : 4, page 310 aThe Journal of Nursing Research (JNR) aNUR aIntrauterine insemination. aPsychological distress. aWomen.